Quizzes
Events
Quiz Creation
Community
Videos
Private Events
Remove Ads
Sign In
Join for FREE
Feedback
Dark Mode
Quiz Categories
Sports
Geography
Music
Movies
Television
Just For Fun
Miscellaneous
History
Literature
Language
Science
Gaming
Entertainment
Religion
Holiday
For Kids
Quiz Lab
Recent
Popular Today
Quiz Kudos Today
Editor Picks
Curator Picks
Quizzes by...
Day
Popularity
Type
Ratings
Length
Year
Community
Subscriptions
Recent Discussions
Orange Saloon
Badges
Playlists
Quests
Create
Leaderboards
Showdown
Live 5
Trivia Bingo
Activity
Puzzle Library
Sporcle Events
Private Events
Virtual Trivia
Globe League
Become a Host
Pub Owners
SporcleCon
Opinionation
Our Games
Videos
Blog
Mobile Apps
Partnerships
Remove Ads and Go Orange
Feedback
Movies
Disney
Marvel Cinematic Universe
Movie Resume
Movie Titles
Oscar
Actor
Actress
Director
Pixar
Role
Movie Quotes
Movie Characters
Box Office
Nominee
Best Picture
Star Wars
James Bond
Horror Movies
Movies
Disney
Marvel Cinematic Universe
Movie Resume
Movie Titles
Oscar
Actor
Actress
Director
Pixar
Role
Movie Quotes
Movie Characters
Box Office
Nominee
Best Picture
Star Wars
James Bond
Horror Movies
Random Quiz
Search Sporcle
×
Quiz Lab
Quiz Lab
Movies
Character
Type in answers that appear in a list
Type in answers that appear in a list
Classic
Best Score? Go Orange.
Kurt Russell Movies Stats
Can you name the Kurt Russell Movies?
By
buskirkthegreat
10m
44 Questions
64 Plays
64 Plays
64 Plays
Comments
Comments
Give Quiz Kudos
Give Quiz Kudos
-
- Ratings
hide this ad
Replay
Link that replays current quiz
Next Quiz
Link to next quiz in quiz playlist
You Got
0%
They Got
Avg Score
27%
Avg Friend Score
Upgrade to see
Score Distribution
Jump to the score distribution portion of the page
Score
0/44
Timer
10:00
0
Plays Today
Year
Movie
% Correct
1981
Escape From New York
84.4%
1996
Escape from L.A.
81.3%
1993
Tombstone
79.7%
1989
Tango and Cash
62.5%
1987
Overboard
59.4%
1986
Big Trouble in Little China
57.8%
1982
The Thing
53.1%
2007
Grindhouse
48.4%
1991
Backdraft
43.8%
1998
Soldier
43.8%
2001
3000 Miles to Graceland
43.8%
1994
Stargate
42.2%
2004
Miracle
40.6%
1988
Tequila Sunrise
32.8%
1992
Captain Ron
32.8%
1996
Executive Decision
32.8%
1969
The Computer Wore Tennis Shoes
29.7%
2005
Sky High
29.7%
1997
Breakdown
25%
1981
The Fox and the Hound
23.4%
2001
Vanilla Sky
23.4%
1986
The Best of Times
21.9%
Year
Movie
% Correct
2006
Poseidon
21.9%
1980
Used Cars
18.8%
1994
Forrest Gump
18.8%
2002
Dark Blue
17.2%
1963
It Happened at the World's Fair
15.6%
1992
Unlawful Entry
15.6%
1983
Silkwood
14.1%
1971
The Barefoot Executive
10.9%
1975
The Strongest Man in the World
9.4%
1972
Now You See Him, Now You Don't
7.8%
1984
Swing Shift
7.8%
1985
The Mean Season
7.8%
2005
Dreamer
7.8%
1973
Superdad
6.3%
1989
Winter People
6.3%
1966
Follow Me, Boys!
4.7%
1969
Guns in the Heather
4.7%
1965
Guns of Diablo
3.1%
1968
The One and Only, Genuine, Original Family Band
3.1%
1968
The Horse in the Gray Flannel Suit
3.1%
1971
The Fool's Parade
3.1%
1973
Charley and the Angel
3.1%
Quiz Playlist
Details
Report
Send in Message
Add To Playlist
Classic:
Type in answers that appear in a list
Last Updated: Feb 16, 2017
Quiz Scoreboard
CHALLENGE
Sign Up to Join the Scoreboard
Show All
Scores
Hide
Comments
May contain spoilers
Recently Published
Presidents Visiting Landmarks
by Hejman
History
7m
An Introduction to Baseball
by treessimontrees
Sports
5m
Movies - When Are They Set?
by FPL_Elf
Movies
5m
More to Explore
Quiz From the Vault
Featured Blog Post
Where Did the Easter Bunny Come From?
hide this ad
You Might Also Like...
Tags
Character
kurt
Kurt Russell
russell
Today's Top Quizzes in Movies
Browse Movies
hide this ad
Today's Top Quizzes in Character
Browse Character
Top Contributed Quizzes in Movies
1
Pick 5 Posters: Directed by Spielberg
2
Pick 5 Posters: Lowest-Rated Spielberg
3
7-to-1: Pixar Characters
4
Multi-Oscar Nominations, One Movie, One Winner
5
Pick 5 Posters: Directed by Scorsese
6
12 Movies about Fictional 1960s Events
7
Pick 5 Posters: Star & Director
8
Sorting Actors
9
Sorting Actresses
10
One Thing in Common: Movies
Explore More
Trending Topics
Kpop
Disney
Anime
Harry Potter
Marvel
NBA
Crossword
The Office
Country
NFL
Soccer
Song
WWE
Pokémon
Puzzle
hide this ad
More By:
buskirkthegreat
Quiz
Plays
Rating
Category
Featured
Created
Movies Robert DeNiro Has Died In
315
Movies
Apr 24, 2011
Ray Liotta Movies
245
Movies
May 2, 2011
Movies Willem Dafoe Has Died In
197
4.00
Movies
Apr 23, 2011
Obscure Movie Villains
88
Movies
May 5, 2011
Kurt Russell Movies
64
3.00
Movies
Apr 19, 2011
Go to Creator's Profile
Score Distribution
Quiz Creator Spotlight
buskirkthegreat
Follow
Send a Message
Quizzes Created
-
Created Quiz Play Count
-
More By This Creator
Popular Quizzes Today
1
Find the US States - No Outlines Minefield
2
Find the Countries of Europe - No Outlines Minefield
3
The Countries of the World
4
Popular People in 1961
5
Find the US States
6
US States
7
Risky Map Clicking: Biggest States A-Z
8
1-10 Letter E Words III
More Movies Quizzes
Venn Diagram: 80's Action Superstars
Editor's Pick
Trending Quizzes
Risky Map Clicking: Least Populous States A-Z
1-10 Letter G Words
1-10 Letter F Words
One Thing in Common: United Kingdom
Risky Map Clicking: Next State Alphabetically
Recently Updated
Leaping Animals
pecheneg
Reality TV Shows (A-Z)
bhenderson79
Rickey Henderson's Hall of Fame Teammates
pecheneg
Champions League XIs: Arsenal
pecheneg
Quick Pick: Celebrities in WWE's Hall of Fame
aduchscher
A-Z Keypad Blitz II
pecheneg
Multiple Oscar Actors
pecheneg
Mystery Phrase Blitz: Oscar 'Best Actors'
pecheneg
F. Scott Fitzgerald Novels
LTH
Pick 3 Villains
ddd62291
Trending Topics
NBA
Harry Potter
Crossword
Disney
Anime
Kpop
Marvel
WWE
Song
Pokémon
Country
Puzzle
NFL
The Office
Soccer
Your Account Isn't Verified!
In order to create a playlist on Sporcle, you need to verify the email address you used during registration. Go to your
Sporcle Settings
to finish the process.
Report this User
Report this user for behavior that violates our
Community Guidelines
.
Details:
Send Report
Go to the Sporcle.com Mobile Site →
Comments